000
00267nam a2200121 a 4500
005
20140414131920.0
008
101022s19uu xx 00 eng d
050
_a
ER
_b
M88 1998
100
_a
245
_a
Mulan.
260
_b
Walt Disney,
_c
1998.
999
_c
111722
_d
111722